Historic churches (Record no. 115522)
[ view plain ]
| 000 -LEADER | |
|---|---|
| fixed length control field | 02149cam a22004455a 4500 |
| 001 - CONTROL NUMBER | |
| control field | L158822 |
| 008 - FIXED-LENGTH DATA ELEMENTS--GENERAL INFORMATION | |
| fixed length control field | 100119s2014 xxko f 001 0 eng d |
| 020 ## - INTERNATIONAL STANDARD BOOK NUMBER | |
| International Standard Book Number | 9781900915724 |
| 035 ## - SYSTEM CONTROL NUMBER | |
| System control number | (Sirsi) u158822 |
| 041 0# - LANGUAGE CODE | |
| Language code of text/sound track or separate title | eng |
| 050 04 - LIBRARY OF CONGRESS CALL NUMBER | |
| Classification number | 690.241 $2 18 |
| 110 2# - MAIN ENTRY--CORPORATE NAME | |
| Corporate name or jurisdiction name as entry element | Cathedral Communications Limited |
| 9 (RLIN) | 3087 |
| 245 00 - TITLE STATEMENT | |
| Title | Historic churches |
| Remainder of title | the conservation and repair of ecclesiastical buildings |
| Medium | [electronic resource] |
| 250 ## - EDITION STATEMENT | |
| Edition statement | 21st ed. |
| 260 ## - PUBLICATION, DISTRIBUTION, ETC. | |
| Place of publication, distribution, etc. | Tisbury |
| Name of publisher, distributor, etc. | Cathedral Communications |
| Date of publication, distribution, etc. | 2014 |
| 300 ## - PHYSICAL DESCRIPTION | |
| Extent | 52p. |
| Other physical details | col. ill. |
| Dimensions | 30cm. |
| 490 #0 - SERIES STATEMENT | |
| Series statement | Building Conservation Directory Special Report |
| 505 2# - FORMATTED CONTENTS NOTE | |
| Formatted contents note | A spiritual enterprise: Douglas Strachan's stained glass in the Memorial Chapel, University of Glasgow -- Shared space: extending the use of churches in Oxfordshire -- Protective glazing -- 100 church treasures and The Altar of Sacrifice, Tostock Parish Church -- The management of bats in churches -- Saving Oldham's war memorial -- Structural glass for historic churches -- Alarms for church roofs -- Organ builders & restorers map -- Victorian and Edwardian stencilled decoration -- Church lighting -- Useful addresses -- Products and services -- Index of advertisers |
| 520 ## - SUMMARY, ETC. | |
| Summary, etc. | Discusses issues, building techniques and materials relevant to the conservation and repair of churches. Includes a directory of useful organisations, products and services. |
| 521 2# - TARGET AUDIENCE NOTE | |
| Target audience note | Advanced |
| 590 ## - LOCAL NOTE (RLIN) | |
| Local note | KA |
| 651 #4 - SUBJECT ADDED ENTRY--GEOGRAPHIC NAME | |
| Geographic name | United Kingdom |
| Chronological subdivision | |
| 690 ## - LOCAL SUBJECT ADDED ENTRY--TOPICAL TERM (OCLC, RLIN) | |
| Topical term or geographic name as entry element | BUILT ENVIRONMENT-BUILDING MAINTENANCE AND REFURBISHMENT-BUILDING RESTORATION |
| 700 1# - ADDED ENTRY--PERSONAL NAME | |
| Personal name | Haynes, Nick |
| 700 1# - ADDED ENTRY--PERSONAL NAME | |
| Personal name | Payne, Becky |
| 700 1# - ADDED ENTRY--PERSONAL NAME | |
| Personal name | Curteis, Tobit |
| 700 1# - ADDED ENTRY--PERSONAL NAME | |
| Personal name | Luxford, Naomi |
| 700 1# - ADDED ENTRY--PERSONAL NAME | |
| Personal name | Townsend, Catherine |
| 700 1# - ADDED ENTRY--PERSONAL NAME | |
| Personal name | Gaspar, Pedro |
| 700 1# - ADDED ENTRY--PERSONAL NAME | |
| Personal name | Harris, Andrew |
| 700 1# - ADDED ENTRY--PERSONAL NAME | |
| Personal name | Manners, Jane |
| 700 1# - ADDED ENTRY--PERSONAL NAME | |
| Personal name | Hazeldean, Peter |
| 700 1# - ADDED ENTRY--PERSONAL NAME | |
| Personal name | Brown, Angus |
| 700 1# - ADDED ENTRY--PERSONAL NAME | |
| Personal name | Floyd, Tim |
| 700 1# - ADDED ENTRY--PERSONAL NAME | |
| Personal name | Howell, Kevin |
| 700 1# - ADDED ENTRY--PERSONAL NAME | |
| Personal name | Sutton Vane, Mark |
| 710 2# - ADDED ENTRY--CORPORATE NAME | |
| Corporate name or jurisdiction name as entry element | Building Conservation Directory |
| 9 (RLIN) | 3988 |
| 856 41 - ELECTRONIC LOCATION AND ACCESS | |
| Uniform Resource Identifier | <a href="https://www.buildingconservation.com/articles/allarticles.htm">https://www.buildingconservation.com/articles/allarticles.htm</a> |
| Public note | View the articles at www.buildingconservation.com |
| 942 ## - ADDED ENTRY ELEMENTS (KOHA) | |
| Suppress in OPAC | 0 |
| Source of classification or shelving scheme | Dewey Decimal Classification |
| Withdrawn status | Lost status | Source of classification or shelving scheme | Damaged status | Not for loan | Home library | Current library | Shelving location | Date acquired | Total Checkouts | Full call number | Barcode | Date last seen | Copy number | Price effective from | Koha item type |
|---|---|---|---|---|---|---|---|---|---|---|---|---|---|---|---|
| Dewey Decimal Classification | London | London | Folio | 31/07/2015 | F690.241 BUI | 30078935 | 06/08/2019 | 1 | 06/08/2019 | Book | |||||
| Dewey Decimal Classification | Virtual | Virtual | Online | 31/07/2015 | ONLINE PUBLICATION | 158822-2001 | 06/08/2019 | 1 | 06/08/2019 | Book |